Vývojové trendy v poisťovníctve I zborník recenzovaných príspevkov z medzinárodnej vedeckej konferencie
Gespeichert in:
| Körperschaften: | , |
|---|---|
| Weitere Verfasser: | , , |
| Format: | Buch |
| Sprache: | Slowakisch Tschechisch Polnisch |
| Veröffentlicht: |
Bratislava
Vydavateľstvo EKONÓM
2007
|
| Schlagworte: | |
| Tags: |
Keine Tags, Fügen Sie das erste Tag hinzu!
|
MARC
| LEADER | 00000nlm$a2200000$$$4500 | ||
|---|---|---|---|
| 001 | 0059755 | ||
| 005 | 20240502071648.7 | ||
| 020 | |a 978-80-225-2318-9 | ||
| 041 | 0 | |a slo | |
| 041 | 0 | |a cze | |
| 041 | 0 | |a pol | |
| 044 | |a SK | ||
| 245 | 1 | 0 | |a Vývojové trendy v poisťovníctve I |b zborník recenzovaných príspevkov z medzinárodnej vedeckej konferencie |
| 264 | 1 | |a Bratislava |b Vydavateľstvo EKONÓM |c 2007 | |
| 300 | |a CD-ROM | ||
| 610 | 2 | 0 | |a poisťovníctvo |
| 610 | 2 | 0 | |a trh poistný |
| 610 | 2 | 0 | |a poisťovne |
| 610 | 2 | 0 | |a Česko |
| 610 | 2 | 0 | |a riziko poistné |
| 700 | 1 | |a Krátka, Zuzana, 1968- | |
| 700 | 1 | |a Littvová, Zuzana | |
| 700 | 1 | |a Marko, Peter | |
| 110 | 2 | |a Vývojové trendy v poisťovníctve I. Medzinárodná vedecká konferencia | |
| 710 | 2 | |a Národohospodárska fakulta EU. Katedra poisťovníctva | |